Competencias, innovación y creatividad para la gobernabilidad /

Sábháilte in:
Sonraí bibleagrafaíochta
Príomhchruthaitheoir: Tromben Nordenflycht, Oscar
Formáid: Téacs
Ábhair:
Clibeanna: Cuir clib leis
Níl clibeanna ann, Bí ar an gcéad duine le clib a chur leis an taifead seo!

MARC

LEADER 00000 a a2200000 04500
001 14150
003
040
100 |a Tromben Nordenflycht, Oscar  
245 |a Competencias, innovación y creatividad para la gobernabilidad /  |c Oscar Tromben Nordenflycht 
650 |a COMPETENCIA  
650 |a INNOVACIONES  
650 |a CREATIVIDAD  
650 |a GOBERNABILIDAD  
650 |a SERVICIO PUBLICO  
650 |a RECURSOS HUMANOS  
650 |a CHILE  
773 |g número 42 -43; páginas 41-55  
999 |c 30663  |d 30663